000 01122nam a2200301Ia 4500
003 OSt
005 20221005110045.0
006 a|||||r|||| 00| 0
007 ta
008 GUJ
020 _c75
024 _a92831
037 _b530, 19/03/2009, Vani Prakashan
_cTextual
040 _aCRL
_cCRL
_bGUJ
041 _2GUJ
_aGUJ
082 _aO156,1M33w, 152M2
100 _aब्रोकर, गुलाबदास
245 0 _aनर्मदाशंकर
246 _aNarmadāshankara
250 _aद्वितीय संस्करण
260 _aनई दिल्ली
_bसाहित्य अकादेमी भारत
_c1982
300 _a71पृ0
_ccm.
490 _aभारतीय साहित्य के निर्माता
650 _aगुजराती साहित्य
700 _a मेहता, आलोक, अनु.
942 _hO156,1M33w, 152M2
_cTEXL
_2cc
999 _c1017650
_d1017650